000 00493nam a2200193 a 4500
001 1761126112003
003 YourLibrary
005 20251022151323.0
008 251022s2002##################000#0#eng##
020 _a8121103304
082 0 4 _a588.0954
_bSIN
100 1 _aSingh, D.K.,
_eauthor.
245 1 0 _aNotothylaceae of India and Nepal :
260 _c2002.
300 _a271 pages
650 0 _aHornworts (Bryophytes).
942 _cENGLISH
040 _aYourLibrary
_beng
_cYourLibrary
999 _c592619
_d592619